Preilluminismo giuridico e tentativi di codificazione nel regno di Napoli

Uloženo v:
Podrobná bibliografie
Hlavní autor: Ajello, Raffaele (Autor)
Médium: Kniha
Jazyk:italština
Vydáno: Nápoles Dott. Eugenio Jovene 1968
Témata:
Tagy: Přidat tag
Žádné tagy, Buďte první, kdo vytvoří štítek k tomuto záznamu!

MARC

LEADER 00000nam a2200000 a 4500
001 UCR2911
003 CL-VaPUC
008 980116e19680000IT |||||||||||||||||ita|d
082 0 4 |a 349.45  |b AJE  |2 21 
100 0 |a Ajello, Raffaele  |e author  |9 401424 
245 1 0 |a Preilluminismo giuridico e tentativi di codificazione nel regno di Napoli 
300 |a 228 p 
942 |c BK 
945 |d 19980116 00:00:00  |a crobeson 
260 |a Nápoles  |b Dott. Eugenio Jovene  |c 1968 
650 0 |a Derecho italiano  |9 385337 
650 0 |a Historia del derecho  |9 255109 
650 0 |a Codificación   |9 258568 
651 7 |a NAPOLES, ITALIA  |2 CL-VaPUC  |9 401425 
583 |a last modification  |c 19980116 00:00:00  |k Rodrigo Vera 
999 |c 266032  |d 266030 
952 |0 0  |1 0  |4 0  |6 349_450000000000000_AJE_1968  |7 0  |8 DER_HIS  |9 297320  |a BIBDER  |b BIBDER  |d 2019-11-20  |i 1933752  |l 1  |o 349.45 AJE 1968  |p 1933752  |r 2023-01-25  |s 2020-03-17  |w 2019-11-20  |x Ubicación 4to Piso  |y BK  |z Estos recursos deben solicitarse con anticipación  |k DER